[Event "Manaus op 2nd"]
[Site "Manaus"]
[Date "2023.10.15"]
[Round "7"]
[White "Do Valle Cardoso, Lucas"]
[Black "Sunye Neto, Jaime"]
[Result "1/2-1/2"]
[WhiteElo "2341"]
[BlackElo "2401"]
[PlyCount "97"]
[EventDate "2023.10.11"]
[EventType "swiss"]
[EventRounds "9"]
[EventCountry "BRA"]
[SourceTitle "Mega2024 Update 01"]
[Source "Chessbase"]
[SourceDate "2023.11.12"]
[SourceVersion "1"]
[SourceVersionDate "2023.11.12"]
[SourceQuality "1"]

1. e4 c5 2. Nf3 e6 3. d4 cxd4 4. Nxd4 Nc6 5. Nc3 a6 6. Be2 Qc7 7. Nxc6 bxc6 8. Qd3 d5 9. Qg3 Qxg3 10. hxg3 Nf6 11. g4 Bb4 12. Bd2 d4 13. e5 Nd7 14. Na4 Bxd2+ 15. Kxd2 Rb8 16. f4 c5 17. Bf3 Bb7 18. Bxb7 Rxb7 19. Rh3 Ke7 20. Rah1 g5 21. g3 Rg8 22. Rg1 Rg7 23. Kd3 Rb4 24. b3 c4+ 25. Ke4 gxf4 26. a3 Rb8 27. gxf4 d3 28. b4 f5+ 29. exf6+ Nxf6+ 30. Kf3 dxc2 31. Rc1 Rd8 32. Nc5 Rd1 33. Rxc2 Rf1+ 34. Ke2 Rxf4 35. Re3 Rgxg4 36. Rxe6+ Kf7 37. Kd2 Ne4+ 38. Rxe4 Rxe4 39. Nxe4 Rxe4 40. a4 Ke6 41. Kc3 h5 42. Rg2 h4 43. Rg6+ Kd5 44. Rxa6 Re3+ 45. Kc2 h3 46. Rh6 Ra3 47. Kb2 Rb3+ 48. Kc2 Rxb4 49. Rxh3 1/2-1/2

[Event "Caioba op 7th"]
[Site "Caioba"]
[Date "2023.06.20"]
[Round "4"]
[White "Sunye Neto, Jaime"]
[Black "Ermel, Francisco Roberto"]
[Result "1/2-1/2"]
[WhiteElo "2420"]
[BlackElo "2060"]
[PlyCount "117"]
[EventDate "2023.06.18"]
[EventType "swiss"]
[EventRounds "9"]
[EventCountry "BRA"]
[SourceTitle "CBM 214 Extra"]
[Source "ChessBase"]
[SourceDate "2023.07.31"]
[SourceVersion "1"]
[SourceVersionDate "2023.07.31"]
[SourceQuality "1"]

1. d4 Nf6 2. g3 g6 3. Bg2 Bg7 4. e4 d6 5. Nc3 0-0 6. Nge2 Na6 7. 0-0 c5 8. h3 cxd4 9. Nxd4 Nc5 10. Be3 Bd7 11. Qd2 Rc8 12. Rfe1 Re8 13. Rad1 a6 14. Nb3 Nxb3 15. axb3 Bc6 16. f4 Qa5 17. Qf2 Qc7 18. Bb6 Qb8 19. e5 Nd7 20. exd6 Nxb6 21. Qxb6 exd6 22. Rxe8+ Bxe8 23. Qxb7 Bb5 24. Qxb8 Rxb8 25. Rxd6 Rc8 26. Bb7 Rc7 27. Rd8+ Bf8 28. Nxb5 axb5 29. Be4 Kg7 30. Kf1 Be7 31. Rb8 b4 32. Ke2 Ra7 33. Kd3 Ra2 34. Rb7 Kf8 35. Rb8+ Kg7 36. Re8 Bf8 37. f5 gxf5 38. Bxf5 Rxb2 39. Bxh7 Bd6 40. Be4 Bxg3 41. Rd8 f6 42. Rd7+ Kf8 43. Bg6 Be5 44. h4 Rb1 45. Kc4 Bc3 46. h5 Rh1 47. Kb5 Kg8 48. Rd3 Rh4 49. Kc5 Kf8 50. Rd7 Kg8 51. Rf7 Rh2 52. Rb7 f5 53. Rf7 Rxc2 54. Rxf5 Rh2 55. Rf7 Rh4 56. Kb5 Rh3 57. Rd7 Rh4 58. Kc5 Rh2 59. Kc4 1/2-1/2

[Event "Caioba Rapid op 7th"]
[Site "Caioba"]
[Date "2023.06.18"]
[Round "7"]
[White "Sunye Neto, Jaime"]
[Black "Rodi, Luis Ernesto"]
[Result "1/2-1/2"]
[WhiteElo "2420"]
[BlackElo "2295"]
[PlyCount "78"]
[EventDate "2023.06.17"]
[EventType "swiss (rapid)"]
[EventRounds "11"]
[EventCountry "BRA"]
[SourceTitle "CBM 214 Extra"]
[Source "ChessBase"]
[SourceDate "2023.07.31"]
[SourceVersion "1"]
[SourceVersionDate "2023.07.31"]
[SourceQuality "1"]

1. c4 f5 2. Nc3 Nf6 3. g3 g6 4. Bg2 Bg7 5. d3 Nc6 6. Rb1 0-0 7. b4 d6 8. b5 Ne5 9. f4 Neg4 10. e3 Qe8 11. h3 Nh6 12. Nge2 c6 13. bxc6 bxc6 14. 0-0 Bd7 15. Rb7 Qc8 16. Rb3 Qc7 17. Bd2 Rfb8 18. Qc2 Nf7 19. Rfb1 Nd8 20. Na4 Rxb3 21. Qxb3 Rc8 22. c5+ Be6 23. Qc2 Rb8 24. Rxb8 Qxb8 25. cxd6 exd6 26. Kh2 c5 27. e4 Qc8 28. e5 dxe5 29. fxe5 Nd7 30. d4 Qa6 31. d5 Qxe2 32. dxe6 Nxe6 33. Nc3 Qf2 34. Nd1 Qe2 35. Nc3 Qf2 36. Nd1 Qe2 37. Nc3 Qxe5 38. Qb3 Ndf8 39. Bd5 Kf7 1/2-1/2

[Event "Matinhos op 6th"]
[Site "Matinhos"]
[Date "2022.09.22"]
[Round "6.4"]
[White "Calcado, Acyr Rogerio"]
[Black "Sunye Neto, Jaime"]
[Result "1/2-1/2"]
[WhiteElo "2088"]
[BlackElo "2428"]
[PlyCount "49"]
[EventDate "2022.09.18"]
[EventType "swiss"]
[EventRounds "7"]
[EventCountry "BRA"]
[SourceTitle "CBM 210 Extra"]
[Source "ChessBase"]
[SourceDate "2022.11.30"]
[SourceVersion "1"]
[SourceVersionDate "2022.11.30"]
[SourceQuality "1"]

1. e4 c5 2. Nf3 Nc6 3. d4 cxd4 4. Nxd4 Nf6 5. Nc3 d6 6. Bg5 Qb6 7. Nb3 e6 8. Bd3 a6 9. 0-0 Be7 10. Qe2 h6 11. Bd2 Qc7 12. f4 b5 13. a4 b4 14. Nd1 e5 15. Ne3 exf4 16. Nd5 Nxd5 17. exd5 Ne5 18. Rxf4 a5 19. Kh1 0-0 20. Nd4 Bg5 21. Nb5 Qd8 22. Rff1 Bxd2 23. Qxd2 Nxd3 24. Qxd3 Ba6 25. Rae1 1/2-1/2

[Event "Matinhos op 6th"]
[Site "Matinhos"]
[Date "2022.09.19"]
[Round "2.5"]
[White "Silva, Janderson Rossi Da"]
[Black "Sunye Neto, Jaime"]
[Result "0-1"]
[WhiteElo "1875"]
[BlackElo "2428"]
[PlyCount "80"]
[EventDate "2022.09.18"]
[EventType "swiss"]
[EventRounds "7"]
[EventCountry "BRA"]
[SourceTitle "CBM 210 Extra"]
[Source "ChessBase"]
[SourceDate "2022.11.30"]
[SourceVersion "1"]
[SourceVersionDate "2022.11.30"]
[SourceQuality "1"]

1. e4 c5 2. Nf3 e6 3. d4 cxd4 4. Nxd4 a6 5. Nc3 b5 6. Bd3 Bb7 7. 0-0 Qc7 8. Re1 Nf6 9. e5 Nd5 10. Nxd5 Bxd5 11. Bf4 Nc6 12. Nxc6 Qxc6 13. Qg4 g6 14. h4 h6 15. Re3 Be7 16. Rh3 h5 17. Qg3 Be4 18. Re1 Bxd3 19. Qxd3 Rc8 20. Rd1 Rc7 21. Rd2 Qc4 22. Qf3 0-0 23. a3 Rd8 24. c3 a5 25. g4 hxg4 26. Qxg4 Qe4 27. Re3 Qf5 28. Qxf5 gxf5 29. Bg5 Bxg5 30. hxg5 Rc4 31. Rd4 d5 32. f4 Rdc8 33. Red3 Kg7 34. Kg2 Kg6 35. Kg3 Rh8 36. Rd1 Rxd4 37. Rxd4 Rh1 38. a4 Rb1 39. Rd2 bxa4 40. Rh2 a3 0-1

[Event "Londrina Ermel Memorial 9th"]
[Site "Londrina"]
[Date "2021.11.20"]
[Round "3"]
[White "Sunye Neto, Jaime"]
[Black "Luz, Jhonatan Rodrigues"]
[Result "1-0"]
[WhiteElo "2428"]
[BlackElo "1937"]
[PlyCount "130"]
[EventDate "2021.11.20"]
[EventType "swiss"]
[EventRounds "7"]
[EventCountry "BRA"]
[SourceTitle "EXT 2023"]
[Source "ChessBase"]
[SourceDate "2022.10.05"]
[SourceVersion "1"]
[SourceVersionDate "2022.10.05"]
[SourceQuality "1"]

1. c4 Nf6 2. Nc3 g6 3. e4 d6 4. d4 Bg7 5. Be2 0-0 6. Bg5 c5 7. d5 h6 8. Bd2 e5 9. h4 Kh7 10. h5 g5 11. g4 a6 12. f3 b6 13. Bd3 Ne8 14. Nge2 f6 15. Ng3 Ra7 16. a3 Qc7 17. Qe2 Qd8 18. Kf2 Qc7 19. Kg2 Qd8 20. Rhb1 Rff7 21. b4 Rfb7 22. Rb2 Qc7 23. Rab1 Bf8 24. Bc2 Ng7 25. Ba4 Bd7 26. Bxd7 Nxd7 27. Na4 Be7 28. bxc5 bxc5 29. Rxb7 Rxb7 30. Qd3 Qb8 31. Rxb7 Qxb7 32. Ne2 Bd8 33. Nc1 Ne8 34. Nb3 Bb6 35. Qb1 Qc7 36. Qc2 Qd8 37. Bc3 Kg7 38. Qd2 Qc7 39. Kf1 Kf7 40. Ke2 Ke7 41. Kd1 Kf7 42. Kc2 Ke7 43. Qe1 Kf7 44. Na5 Nb8 45. Nxb6 Qxb6 46. Qb1 Qxb1+ 47. Kxb1 Nc7 48. Nb7 Ke7 49. Ba5 Kd7 50. Kc2 Ne8 51. Nd8 Ke7 52. Kb3 Kd7 53. Ka4 Ke7 54. Nc6+ Nxc6 55. dxc6 Ng7 56. Bb6 Ne6 57. Ka5 Nd4 58. Kxa6 Nxc6 59. Kb7 Nd4 60. a4 Nxf3 61. a5 Nd2 62. a6 Nxc4 63. a7 d5 64. a8Q Nd6+ 65. Kc6 d4 1-0

[Event "Buenos Aires Szmetan/Giardelli-B"]
[Site "Buenos Aires"]
[Date "2019.12.09"]
[Round "9"]
[White "Sunye Neto, Jaime"]
[Black "Iermito, Sebastian"]
[Result "0-1"]
[WhiteElo "2438"]
[BlackElo "2521"]
[PlyCount "96"]
[EventDate "2019.12.01"]
[EventType "tourn"]
[EventRounds "11"]
[EventCountry "ARG"]
[EventCategory "7"]
[SourceTitle "CBM 193 Extra"]
[Source "ChessBase"]
[SourceDate "2020.01.31"]
[SourceVersion "1"]
[SourceVersionDate "2020.01.31"]
[SourceQuality "1"]

1. c4 c5 2. Nc3 Nc6 3. Nf3 e5 4. g3 g6 5. Bg2 Bg7 6. d3 Nge7 7. 0-0 d6 8. Bd2 0-0 9. a3 a5 10. Rb1 Rb8 11. Ne1 Be6 12. Nc2 d5 13. cxd5 Nxd5 14. Nxd5 Bxd5 15. Bxd5 Qxd5 16. b4 cxb4 17. axb4 b6 18. Ne3 Qe6 19. bxa5 bxa5 20. Rxb8 Rxb8 21. Bc3 Qa2 22. Nc4 a4 23. e3 Rb3 24. Qf3 Rxc3 25. Qxc6 h6 26. Qe8+ Kh7 27. h4 Rxd3 28. Nxe5 Bxe5 29. Qxe5 Qd5 30. Qxd5 Rxd5 31. Ra1 Ra5 32. Kf1 Kg7 33. Ke2 Kf6 34. Kd3 Ke5 35. e4 a3 36. Ra2 g5 37. hxg5 hxg5 38. f3 Ra7 39. Ke3 Kd6 40. Kd3 Kc5 41. Kc3 f6 42. Rc2 a2 43. Kb2+ Kd4 44. Ka1 Ra3 45. Rd2+ Ke3 46. Rd6 Kxf3 47. Rxf6+ Kxe4 48. g4 Rg3 0-1

[Event "Caioba Telecom op 5th"]
[Site "Caioba"]
[Date "2019.08.14"]
[Round "4"]
[White "Sunye Neto, Jaime"]
[Black "Fernandez, Maria Florencia"]
[Result "1-0"]
[WhiteElo "2446"]
[BlackElo "2229"]
[PlyCount "141"]
[EventDate "2019.08.12"]
[EventType "swiss"]
[EventRounds "9"]
[EventCountry "BRA"]
[SourceTitle "EXT 2020"]
[Source "ChessBase"]
[SourceDate "2019.10.17"]
[SourceVersion "1"]
[SourceVersionDate "2019.10.17"]
[SourceQuality "1"]

1. c4 e5 2. Nc3 Nc6 3. g3 g6 4. Bg2 Bg7 5. e4 d6 6. Nge2 Be6 7. d3 Nge7 8. Nd5 0-0 9. Bg5 f6 10. Be3 Qd7 11. 0-0 f5 12. Qd2 Rf7 13. Rae1 Kh8 14. b3 Ng8 15. exf5 Bxf5 16. d4 Rd8 17. f3 Re8 18. dxe5 dxe5 19. Rd1 Rd8 20. g4 Be6 21. h3 Nd4 22. Nxd4 exd4 23. Bg5 Re8 24. Nf4 Qd6 25. Nd3 Ref8 26. Rde1 Bd7 27. f4 h6 28. Bh4 g5 29. fxg5 Rxf1+ 30. Rxf1 Rxf1+ 31. Kxf1 Bc6 32. Bxc6 Qxc6 33. Nf2 Qf3 34. Qd3 Qf6 35. gxh6 Nxh6 36. Bg3 Qf7 37. Qe4 c6 38. Kg2 Ng8 39. Nd3 Ne7 40. Ne5 Qe6 41. Qxd4 Ng6 42. Nxg6+ Qxg6 43. Qf2 Qe4+ 44. Kh2 a5 45. Qd2 a4 46. g5 axb3 47. axb3 c5 48. h4 Bd4 49. Qg2 Qe7 50. Qf3 b6 51. Kh3 Qe6+ 52. Kg2 Qg6 53. Bf4 Qb1 54. h5 Qg1+ 55. Kh3 Qb1 56. Be5+ Kg8 57. Bxd4 cxd4 58. Qd5+ Kf8 59. Qxd4 Qxb3+ 60. Kg4 b5 61. Qd8+ Kf7 62. g6+ Ke6 63. Qd5+ Ke7 64. Qe5+ Kd8 65. cxb5 Qb4+ 66. Kg5 Qd2+ 67. Kf6 Qf2+ 68. Ke6 Kc8 69. g7 Qb6+ 70. Kf7 Qb7+ 71. Kg6 1-0

[Event "Florianopolis blitz op 5th"]
[Site "Florianopolis"]
[Date "2019.01.23"]
[Round "1"]
[White "Sunye Neto, Jaime"]
[Black "Teramoto, Anderson"]
[Result "1-0"]
[WhiteElo "2446"]
[BlackElo "1724"]
[PlyCount "65"]
[EventDate "2019.01.23"]
[EventType "swiss (blitz)"]
[EventRounds "11"]
[EventCountry "BRA"]
[SourceTitle "CBM 188 Extra"]
[Source "ChessBase"]
[SourceDate "2019.02.26"]
[SourceVersion "1"]
[SourceVersionDate "2019.02.26"]
[SourceQuality "1"]

1. d4 Nf6 2. c4 g6 3. Nc3 Bg7 4. Nf3 d6 5. g3 0-0 6. Bg2 Re8 7. e4 Nbd7 8. 0-0 e5 9. d5 b6 10. Ne1 Bb7 11. Nd3 Rc8 12. Be3 Nh5 13. b4 c6 14. Qb3 cxd5 15. cxd5 f5 16. Rac1 Kh8 17. f3 Rf8 18. Bf2 Bh6 19. Rc2 f4 20. g4 Nhf6 21. h3 Ba6 22. b5 Bb7 23. Nb4 Nb8 24. Nc6 Nxc6 25. dxc6 Ba8 26. Rd1 Qc7 27. Rcd2 Rcd8 28. Nd5 Nxd5 29. Rxd5 Rf6 30. Bh4 g5 31. Be1 Bf8 32. Bc3 Qe7 33. Bxe5 1-0

[Event "Buenos Aires Szmetan Giardelli op"]
[Site "Buenos Aires"]
[Date "2018.12.12"]
[Round "9"]
[White "Anelli, Antonio"]
[Black "Sunye Neto, Jaime"]
[Result "1/2-1/2"]
[WhiteElo "2048"]
[BlackElo "2473"]
[PlyCount "89"]
[EventDate "2018.12.04"]
[EventType "swiss"]
[EventRounds "9"]
[EventCountry "ARG"]
[SourceTitle "EXT 2024"]
[Source "ChessBase"]
[SourceDate "2023.10.10"]
[SourceVersion "1"]
[SourceVersionDate "2023.10.10"]
[SourceQuality "1"]

1. d4 Nf6 2. c4 e6 3. Nc3 Bb4 4. Qc2 c5 5. dxc5 0-0 6. Nf3 Bxc5 7. Bg5 Nc6 8. e3 Be7 9. Be2 h6 10. Bxf6 Bxf6 11. 0-0 b6 12. Rfd1 Ba6 13. Rac1 Bxc3 14. Qxc3 Qe7 15. Ne5 Nxe5 16. Qxe5 Rac8 17. Qd6 Qxd6 18. Rxd6 Rfd8 19. b3 Rc6 20. Rxc6 dxc6 21. Rd1 Rxd1+ 22. Bxd1 Kf8 23. Kf1 Ke7 24. Ke2 b5 25. cxb5 Bxb5+ 26. Kd2 c5 27. Bf3 Kd6 28. Kc3 a5 29. a3 g5 30. g3 e5 31. Be4 Bd7 32. Bd3 Bc8 33. Bc4 f6 34. b4 axb4+ 35. axb4 Bb7 36. bxc5+ Kxc5 37. Bf7 Bf3 38. Be6 Be4 39. Bf7 Bf5 40. f4 exf4 41. exf4 gxf4 42. gxf4 Be4 43. Be6 Bd5 44. Bf5 Bc4 45. Bd3 1/2-1/2

[Event "Parana-ch"]
[Site "Curitiba"]
[Date "2018.11.24"]
[Round "4"]
[White "Dias, Anderson Tatsch"]
[Black "Sunye Neto, Jaime"]
[Result "0-1"]
[WhiteElo "2173"]
[BlackElo "2485"]
[PlyCount "46"]
[EventDate "2018.11.22"]
[EventType "swiss"]
[EventRounds "7"]
[EventCountry "BRA"]
[SourceTitle "CBM 187 Extra"]
[Source "ChessBase"]
[SourceDate "2018.11.04"]
[SourceVersion "1"]
[SourceVersionDate "2018.11.04"]
[SourceQuality "1"]

1. e4 c5 2. Nf3 e6 3. c3 Nf6 4. e5 Nd5 5. d4 cxd4 6. Qxd4 Nc6 7. Qe4 f5 8. exf6 Nxf6 9. Qh4 d5 10. Bd3 Bd6 11. 0-0 0-0 12. Bg5 h6 13. Nbd2 Qe8 14. Be3 e5 15. Bb5 Bd7 16. Rfe1 e4 17. Bxc6 bxc6 18. Bd4 Nh5 19. Nxe4 dxe4 20. Rxe4 Qg6 21. Ne5 Bxe5 22. Rxe5 Rf5 23. Re7 Rf4 0-1

[Event "Parana-ch"]
[Site "Curitiba"]
[Date "2018.11.23"]
[Round "2"]
[White "Chemin, Vitorio"]
[Black "Sunye Neto, Jaime"]
[Result "1/2-1/2"]
[WhiteElo "2116"]
[BlackElo "2485"]
[PlyCount "46"]
[EventDate "2018.11.22"]
[EventType "swiss"]
[EventRounds "7"]
[EventCountry "BRA"]
[SourceTitle "CBM 187 Extra"]
[Source "ChessBase"]
[SourceDate "2018.11.04"]
[SourceVersion "1"]
[SourceVersionDate "2018.11.04"]
[SourceQuality "1"]

1. d4 Nf6 2. Nf3 e6 3. g3 c5 4. Bg2 Nc6 5. 0-0 d5 6. c4 dxc4 7. Qa4 Bd7 8. dxc5 Na5 9. Qc2 Bxc5 10. Ne5 Rc8 11. Bg5 Qc7 12. Bxf6 gxf6 13. Nxd7 Qxd7 14. Rd1 Qc7 15. Qa4+ Ke7 16. b4 cxb3 17. axb3 Nc6 18. Nc3 Rhd8 19. Ne4 Qb6 20. Rxd8 Rxd8 21. Nxc5 Qxc5 22. Bxc6 bxc6 23. Qxa7+ Qxa7 1/2-1/2

[Event "Parana-ch"]
[Site "Curitiba"]
[Date "2018.11.23"]
[Round "3"]
[White "Sunye Neto, Jaime"]
[Black "Nunes, Sidney Jr"]
[Result "1/2-1/2"]
[WhiteElo "2485"]
[BlackElo "2085"]
[PlyCount "71"]
[EventDate "2018.11.22"]
[EventType "swiss"]
[EventRounds "7"]
[EventCountry "BRA"]
[SourceTitle "CBM 187 Extra"]
[Source "ChessBase"]
[SourceDate "2018.11.04"]
[SourceVersion "1"]
[SourceVersionDate "2018.11.04"]
[SourceQuality "1"]

1. c4 c5 2. Nf3 Nc6 3. Nc3 d6 4. d4 cxd4 5. Nxd4 g6 6. e4 Bg7 7. Be3 Nf6 8. Be2 Qa5 9. 0-0 Nxd4 10. Bxd4 Be6 11. a3 a6 12. b4 Qc7 13. Rc1 0-0 14. Qd2 Rfc8 15. Qe3 Qd7 16. c5 dxc5 17. Bxc5 Qe8 18. Rfd1 Rd8 19. h3 Rac8 20. Rxd8 Qxd8 21. Rd1 Qc7 22. Nd5 Bxd5 23. exd5 Bf8 24. Bf3 Ne8 25. Bg4 Ra8 26. Rc1 Qd8 27. Qe5 b6 28. Be3 Bg7 29. Qf4 Nd6 30. Rc6 Rb8 31. Bd4 Bxd4 32. Qxd4 a5 33. h4 axb4 34. axb4 b5 35. h5 Qf8 36. hxg6 1/2-1/2

[Event "Parana-ch"]
[Site "Curitiba"]
[Date "2018.11.22"]
[Round "1"]
[White "Sunye Neto, Jaime"]
[Black "Lopes, Aloisio Ponti"]
[Result "1-0"]
[WhiteElo "2485"]
[BlackElo "1913"]
[PlyCount "99"]
[EventDate "2018.11.22"]
[EventType "swiss"]
[EventRounds "7"]
[EventCountry "BRA"]
[SourceTitle "CBM 187 Extra"]
[Source "ChessBase"]
[SourceDate "2018.11.04"]
[SourceVersion "1"]
[SourceVersionDate "2018.11.04"]
[SourceQuality "1"]

1. c4 e5 2. Nc3 Nf6 3. g3 g6 4. Bg2 Bg7 5. e4 Nc6 6. Nge2 0-0 7. d3 d6 8. h3 Bd7 9. Be3 Qc8 10. Qd2 a5 11. Rc1 b6 12. d4 Rb8 13. dxe5 dxe5 14. Nd5 Re8 15. g4 Ne7 16. 0-0 c5 17. Nxe7+ Rxe7 18. Nc3 Bc6 19. a3 Qc7 20. b4 axb4 21. axb4 Rd7 22. Qb2 cxb4 23. Nd5 Bxd5 24. cxd5 Qa7 25. Ra1 Qb7 26. Qxb4 Bf8 27. Qb2 Bd6 28. Rfb1 Rc7 29. Qxb6 Qxb6 30. Rxb6 Rxb6 31. Bxb6 Rb7 32. Be3 Nd7 33. Rc1 Rc7 34. Bf1 Rxc1 35. Bxc1 Nc5 36. f3 f6 37. Bc4 Kf7 38. Kf2 g5 39. Bd2 Ke7 40. Ke2 Kd8 41. Kd1 Kc8 42. Kc2 Kb7 43. Bb5 Kb6 44. Bc6 Na6 45. Kb3 Nc5+ 46. Kc4 Na6 47. Bd7 Nb8 48. Bb5 Na6 49. Bxa6 Kxa6 50. Bb4 1-0

[Event "Caioba Telecom op"]
[Site "Caioba"]
[Date "2018.08.03"]
[Round "5"]
[White "Languidey, Simon Alejandro"]
[Black "Sunye Neto, Jaime"]
[Result "1/2-1/2"]
[WhiteElo "2381"]
[BlackElo "2488"]
[PlyCount "44"]
[EventDate "2018.08.01"]
[EventType "swiss"]
[EventRounds "9"]
[EventCountry "BRA"]
[SourceTitle "CBM 186 Extra"]
[Source "ChessBase"]
[SourceDate "2018.08.24"]
[SourceVersion "1"]
[SourceVersionDate "2018.08.24"]
[SourceQuality "1"]

1. e4 c5 2. Nc3 e6 3. Nge2 a6 4. g3 b5 5. Bg2 Bb7 6. d3 d6 7. 0-0 Nf6 8. h3 Nc6 9. a3 Be7 10. Be3 0-0 11. Qd2 Rc8 12. Rad1 Re8 13. Rfe1 h6 14. g4 d5 15. exd5 exd5 16. Bf4 Qd7 17. Ng3 Bf8 18. Nf5 Re6 19. Ne2 Rce8 20. Kf1 Ne7 21. Nxe7+ R8xe7 22. Bg3 d4 1/2-1/2

[Event "Caioba Telecom op"]
[Site "Caioba"]
[Date "2018.08.01"]
[Round "1"]
[White "Da Silva, Joao Carlos Orguim"]
[Black "Sunye Neto, Jaime"]
[Result "0-1"]
[WhiteElo "1805"]
[BlackElo "2488"]
[PlyCount "34"]
[EventDate "2018.08.01"]
[EventType "swiss"]
[EventRounds "9"]
[EventCountry "BRA"]
[SourceTitle "CBM 186 Extra"]
[Source "ChessBase"]
[SourceDate "2018.08.24"]
[SourceVersion "1"]
[SourceVersionDate "2018.08.24"]
[SourceQuality "1"]

1. d4 Nf6 2. c4 e6 3. Nc3 Bb4 4. Qc2 c5 5. e3 Nc6 6. Nf3 0-0 7. Bd3 d5 8. a3 cxd4 9. exd4 dxc4 10. Bxc4 Nxd4 11. Nxd4 Qxd4 12. Bd3 Qe5+ 13. Be3 Bc5 14. Ne4 Bxe3 15. fxe3 Ng4 16. Qe2 f5 17. Bc4 Qxe4 0-1

[Event "Brazil Foz do Iguacu op"]
[Site "Foz do Iguacu"]
[Date "2018.05.19"]
[Round "7"]
[White "Di Berardino, Diego Rafael"]
[Black "Sunye Neto, Jaime"]
[Result "1/2-1/2"]
[WhiteElo "2523"]
[BlackElo "2486"]
[PlyCount "45"]
[EventDate "2018.05.16"]
[EventType "swiss"]
[EventRounds "9"]
[EventCountry "BRA"]
[SourceTitle "CBM 184 Extra"]
[Source "ChessBase"]
[SourceDate "2018.06.28"]
[SourceVersion "1"]
[SourceVersionDate "2018.06.28"]
[SourceQuality "1"]

1. e4 c5 2. Nf3 e6 3. d4 cxd4 4. Nxd4 Nc6 5. Nc3 Qc7 6. Be3 Nf6 7. f4 d6 8. Qf3 Bd7 9. 0-0-0 Rc8 10. g4 Nxd4 11. Rxd4 d5 12. exd5 Nxd5 13. Rxd5 exd5 14. Bd3 Bd6 15. Kb1 Bc6 16. Bd4 0-0 17. Qh3 g6 18. Qh4 f6 19. Bxf6 Bxf4 20. Rf1 Rxf6 21. Qxf6 Rf8 22. Qh4 Be5 23. g5 1/2-1/2

[Event "Brazil Foz do Iguacu op"]
[Site "Foz do Iguacu"]
[Date "2018.05.19"]
[Round "8"]
[White "Sunye Neto, Jaime"]
[Black "Perdomo, Leandro Daniel"]
[Result "1/2-1/2"]
[WhiteElo "2486"]
[BlackElo "2463"]
[PlyCount "44"]
[EventDate "2018.05.16"]
[EventType "swiss"]
[EventRounds "9"]
[EventCountry "BRA"]
[SourceTitle "EXT 2019"]
[Source "ChessBase"]
[SourceDate "2018.10.10"]
[SourceVersion "1"]
[SourceVersionDate "2018.10.10"]
[SourceQuality "1"]

1. Nf3 Nf6 2. c4 g6 3. Nc3 Bg7 4. g3 0-0 5. Bg2 d6 6. 0-0 e5 7. d4 Nbd7 8. e4 c6 9. h3 Qb6 10. dxe5 dxe5 11. Qc2 Qb4 12. b3 Re8 13. Be3 Qe7 14. Rad1 b6 15. Rd2 Bb7 16. Rfd1 Rad8 17. c5 Nxc5 18. Rxd8 Rxd8 19. Rxd8+ Qxd8 20. Bxc5 bxc5 21. Na4 Qd6 22. Qxc5 Nxe4 1/2-1/2

[Event "Brazil Foz do Iguacu op"]
[Site "Foz do Iguacu"]
[Date "2018.05.18"]
[Round "6"]
[White "Sunye Neto, Jaime"]
[Black "Borges, Guilherme Deola"]
[Result "1-0"]
[WhiteElo "2486"]
[BlackElo "2211"]
[PlyCount "97"]
[EventDate "2018.05.16"]
[EventType "swiss"]
[EventRounds "9"]
[EventCountry "BRA"]
[SourceTitle "CBM 184 Extra"]
[Source "ChessBase"]
[SourceDate "2018.06.28"]
[SourceVersion "1"]
[SourceVersionDate "2018.06.28"]
[SourceQuality "1"]

1. Nf3 Nf6 2. c4 g6 3. Nc3 Bg7 4. e4 d6 5. d4 0-0 6. Be2 e5 7. dxe5 dxe5 8. Qxd8 Rxd8 9. Bg5 Re8 10. Nd5 Nxd5 11. cxd5 c6 12. Bc4 b5 13. Bb3 Bb7 14. Rc1 Rc8 15. Be3 h6 16. Ke2 Nd7 17. dxc6 Bxc6 18. Rhd1 Nb6 19. Bxb6 axb6 20. Bd5 Bxd5 21. Rxc8+ Rxc8 22. Rxd5 Rc2+ 23. Rd2 Rxd2+ 24. Nxd2 f5 25. Nb1 b4 26. a4 bxa3 27. Nxa3 fxe4 28. Ke3 Kf7 29. Nc4 Bf8 30. Kxe4 Ke6 31. Nxb6 Bc5 32. Nc4 Bxf2 33. Nxe5 Bg1 34. h3 Kf6 35. b4 h5 36. b5 Bh2 37. Nd7+ Ke6 38. Nc5+ Kd6 39. Nd3 Ke6 40. Nc5+ Kd6 41. Nd3 Ke6 42. Nf4+ Kf6 43. b6 Kg5 44. Ne2 Bb8 45. Nd4 Kh4 46. Kf3 Bd6 47. b7 Bc7 48. Ne6 Bd6 49. Nf8 1-0

[Event "Maringa Parana-ch"]
[Site "Maringa"]
[Date "2018.02.03"]
[Round "6"]
[White "Sunye Neto, Jaime"]
[Black "Nunes, Sidney Jr"]
[Result "1-0"]
[WhiteElo "2486"]
[BlackElo "2054"]
[PlyCount "45"]
[EventDate "2018.01.31"]
[EventType "swiss"]
[EventRounds "8"]
[EventCountry "BRA"]
[SourceTitle "CBM 182 Extra"]
[Source "ChessBase"]
[SourceDate "2018.02.23"]
[SourceVersion "1"]
[SourceVersionDate "2018.02.23"]
[SourceQuality "1"]

1. c4 Nf6 2. Nc3 g6 3. e4 d6 4. d4 Bg7 5. f3 Nbd7 6. Be3 c6 7. Nh3 a6 8. a4 Qa5 9. Nf2 c5 10. d5 h5 11. Qc1 h4 12. Be2 Nh5 13. 0-0 Nf8 14. f4 f5 15. Bd3 Bf6 16. Qc2 Ng7 17. Rfe1 Qc7 18. a5 Bd7 19. Na4 Bxa4 20. Rxa4 Qd7 21. b4 cxb4 22. Rxb4 Rc8 23. Qb3 1-0